Chap 2: la comptabilité nationale - Statistiques

Statistiques générales
  • Ce quiz a été pris 333 fois
  • Le résultat moyen est 3 sur 7
Statistiques - réponses
Question Réponse % Correct
Qu'est-ce que la valeur ajoutée, et comment est-elle calculée dans le cadre de la comptabilité nationale ? La valeur ajoutée est la richesse créée par une entreprise, calculée en soustrayant la consommation intermédiaire du chiffre d'affaires.
75%
Quelle est la principale fonction de la taxe sur la valeur ajoutée (TVA), et comment est-elle calculée ? La TVA est une taxe sur la consommation, calculée comme la différence entre la TVA payée par le client et celle payée par l'entreprise à ses fournisseurs.
73%
Quelles sont les dimensions de l'Indicateur de Développement Humain (IDH), et comment est-il calculé ? L'IDH mesure la santé, l'éducation, et le niveau de vie, calculé comme une moyenne des indices dans ces domaines.
54%
Quel est l'objet de l'extension du SECN (système élargi de comptabilité nationale) en 1976, et comment cela a affecté le calcul du PIB ? L'extension visait à inclure les activités non marchandes dans le calcul du PIB.
48%
Quelles sont les limites du PIB selon le cours, et pourquoi le PIB a-t-il été critiqué après la crise du modèle productiviste de 1970 ? Le PIB est limité aux activités marchandes, et il a été critiqué pour son incapacité à mesurer la richesse totale d'une nation.
31%
Qu'est-ce que l'Indice de Pauvreté Multidimensionnelle (IPM), et comment mesure-t-il la pauvreté ? L'IPM prend en compte la santé, l'éducation, et le niveau de vie pour évaluer la pauvreté au sein des ménages.
28%
Quelle est la principale critique envers le classement des puissances économiques basé sur le PIB, et comment essaie-t-on de résoudre ce problème ? La critique concerne l'utilisation de taux de change instables, et on résout le problème en utilisant des taux de change fixes.
20%
Aucun quiz correspondant
Distribution des résultats
% des personnes avec chaque résultat
Percentile par nombre de réponses
Votre historique - résultats
Vous n’avez pas pris ce quiz